000 00475 a2200157 4500
020 _a0131089897
040 _aDLC
_bDLC
082 0 0 _a621.3822
100 1 _aLyons, Richard G.,
245 1 0 _aUnderstanding digital signal processing
_cRichard G. Lyons.
250 _a2nd ed.
260 _aUpper Saddle River, NJ :
_bPrentice Hall PIR,
_cc2004.
300 _axviii, 665 p. :
_bill. ;
_c24 cm.
650 0 _aSignal processing
_xDigital techniques.
942 _cBK
_k621.3822 LYO
_2ddc
999 _c9852
_d9852